El sur de los Estados Unidos: retrato de una cultura
Gardado en:
| Autor Principal: | |
|---|---|
| Formato: | Libro |
| Idioma: | Lingua castelá |
| Publicado: |
Buenos Aires
Tres Tiempos
1984
|
| Series: | Libros del Hoy Candente. Ensayos, 31
|
| Subjects: | |
| Tags: |
Engadir etiqueta
Sen Etiquetas, Sexa o primeiro en etiquetar este rexistro!
|
MARC
| LEADER | 00000nam a2200000 a 4500 | ||
|---|---|---|---|
| 001 | UCQ2741 | ||
| 003 | CL-VaPUC | ||
| 008 | 980731e19840000AG |||||||||||||||||spa|d | ||
| 082 | 0 | 4 | |a 976 |b RUB |2 21 |
| 100 | 0 | |a Rubin, Louis D |e author |9 416793 | |
| 245 | 1 | 3 | |a El sur de los Estados Unidos: retrato de una cultura |
| 300 | |a 386 p | ||
| 942 | |c BK | ||
| 945 | |d 19980731 00:00:00 |a crobeson | ||
| 260 | |a Buenos Aires |b Tres Tiempos |c 1984 | ||
| 650 | 7 | |a HISTORIA ESTADOUNIDENSE |2 CL-VaPUC |9 350346 | |
| 650 | 0 | |a Literatura estadounidense |9 317168 | |
| 650 | 0 | |a Historia y crítica |9 257407 | |
| 650 | 7 | |a CONDICIONES CULTURALES |2 CL-VaPUC |9 319132 | |
| 650 | 0 | |a Música |9 306269 | |
| 650 | 0 | |a Discriminación racial |9 257054 | |
| 650 | 7 | |a NEGROS |2 CL-VaPUC |9 340345 | |
| 651 | 0 | |a Estados Unidos |9 255178 | |
| 583 | |a last modification |c 19980731 00:00:00 |k Rodrigo Vera | ||
| 490 | 0 | |a Libros del Hoy Candente. Ensayos, 31 | |
| 999 | |c 273511 |d 273509 | ||
| 952 | |0 0 |1 0 |4 0 |6 976_000000000000000_RUB_1984 |7 0 |8 A |9 309137 |a BIBEDU |b BIBEDU |d 2019-11-20 |i 1448978 |o 976 RUB 1984 |p 1448978 |r 2019-11-20 |w 2019-11-20 |y BK |k LIT | ||